[Event "EYCC Girls-U18 2019"]
[Site "Bratislava"]
[Date "2019.08.05"]
[Round "4.8"]
[White "Hryshchenko, Kamila"]
[Black "Muetsch, Annmarie"]
[Result "0-1"]
[WhiteElo "2060"]
[BlackElo "2266"]
[Annotator "NA"]
[PlyCount "176"]
[EventDate "2019.08.02"]
[EventType "swiss"]
[EventCountry "SVK"]
[SourceTitle "playchess.com"]
[Source "ChessBase"]
[SourceQuality "1"]
[TimeControl "40/5400+30:1800+30"]

1. e4 {[%emt 0:00:00]} e5 {[%emt 0:00:00]} 2. Nf3 {[%emt 0:00:00]} Nc6 {[%emt 0:00:00]} 3. Bb5 {[%emt 0:00:05]} a6 {[%emt 0:00:00]} 4. Ba4 {[%emt 0:00:11]} Nf6 {[%emt 0:00:06]} 5. O-O {[%emt 0:00:34]} Be7 {[%emt 0:00:20]} 6. Re1 {[%emt 0:00:14]} b5 {[%emt 0:00:19]} 7. Bb3 {[%emt 0:00:10]} d6 {[%emt 0:00:17]} 8. c3 {[%emt 0:00:52]} O-O {[%emt 0:00:18]} 9. h3 {[%emt 0:00:29]} Nb8 {[%emt 0:00:23]} 10. d4 {[%emt 0:01:17]} Nbd7 {[%emt 0:00:05]} 11. Nbd2 {[%emt 0:00:37]} Bb7 {[%emt 0:00:51]} 12. Bc2 {[%emt 0:00:53]} Re8 {[%emt 0:01:09]} 13. Nf1 {[%emt 0:01:01]} Bf8 {[%emt 0:00:31]} 14. Ng3 {[%emt 0:00:27]} g6 {[%emt 0:01:20]} 15. a4 {[%emt 0:05:49]} Bg7 {[%emt 0:01:27]} 16. d5 {[%emt 0:03:42]} Nb6 {[%emt 0:10:39]} 17. a5 {[%emt 0:09:15]} Nc8 {[%emt 0:00:16]} 18. b3 {[%emt 0:01:07]} c6 {[%emt 0:03:05]} 19. c4 {[%emt 0:08:33]} cxd5 {[%emt 0:02:18]} 20. cxd5 {[%emt 0:00:34]} Ne7 {[%emt 0:03:43]} 21. Ba3 {[%emt 0:06:03]} Rf8 {[%emt 0:04:45]} 22. Qe2 {[%emt 0:15:13]} h6 {[%emt 0:03:55]} 23. Rad1 {[%emt 0:22:31]} Ne8 {[%emt 0:02:21]} 24. Bb4 {[%emt 0:00:40]} Bc8 {[%emt 0:09:58]} 25. Kh1 {[%emt 0:09:55]} Ra7 {[%emt 0:03:19]} 26. Bb1 {[%emt 0:01:17]} f5 {[%emt 0:08:27]} 27. exf5 {[%emt 0:00:37]} Nxf5 {[%emt 0:00:43]} 28. Bxf5 {[%emt 0:03:54]} gxf5 {[%emt 0:03:09]} 29. Qe3 {[%emt 0:01:06]} Raf7 {[%emt 0:01:13]} 30. Qb6 {[%emt 0:00:19]} Qxb6 {[%emt 0:09:35]} 31. axb6 {[%emt 0:00:05]} Rb7 {[%emt 0:00:05]} 32. Rc1 {[%emt 0:03:07]} Bd7 {[%emt 0:00:24]} 33. Nh4 {[%emt 0:01:37]} Rxb6 {[%emt 0:02:34]} 34. Ng6 {[%emt 0:01:59]} Rf7 {[%emt 0:00:10]} 35. Nh5 {[%emt 0:00:39]} Kh7 {[%emt 0:00:39]} 36. Nxg7 {[%emt 0:00:36]} Kxg7 {[%emt 0:00:12]} 37. Nh4 {[%emt 0:00:04]} Rb8 {[%emt 0:04:05]} 38. Ra1 {[%emt 0:00:35]} Bc8 {[%emt 0:01:13]} 39. Rec1 {[%emt 0:00:12]} Bb7 {[%emt 0:00:19]} 40. Rd1 {[%emt 0:00:00]} Rc8 {[%emt 0:00:00]} 41. Ra2 {[%emt 0:07:25]} f4 {[%emt 0:09:52]} 42. Kg1 {[%emt 0:04:53]} Kf6 {[%emt 0:03:57]} 43. g4 {[%emt 0:00:33]} fxg3 {[%emt 0:01:00]} 44. fxg3 {[%emt 0:00:05]} Ke7 {[%emt 0:03:00]} 45. g4 {[%emt 0:06:41]} Ng7 {[%emt 0:01:06]} 46. Rad2 {[%emt 0:06:27]} Kd7 {[%emt 0:01:22]} 47. Rd3 {[%emt 0:00:28]} h5 {[%emt 0:08:14]} 48. Ng2 {[%emt 0:02:01]} hxg4 {[%emt 0:02:11]} 49. hxg4 {[%emt 0:00:05]} Ne8 {[%emt 0:02:19]} 50. Rh3 {[%emt 0:00:31]} Rg7 {[%emt 0:04:01]} 51. Ne3 {[%emt 0:00:53]} a5 {[%emt 0:02:10]} 52. Bxa5 {[%emt 0:00:44]} Nf6 {[%emt 0:00:33]} 53. Kf1 {[%emt 0:02:35]} Rcg8 {[%emt 0:03:20]} 54. Ke2 {[%emt 0:06:34]} Nxg4 {[%emt 0:02:08]} 55. Nxg4 {[%emt 0:00:05]} Rxg4 {[%emt 0:00:05]} 56. Rh7+ {[%emt 0:00:05]} R8g7 {[%emt 0:00:32]} 57. Rxg7+ {[%emt 0:00:04]} Rxg7 {[%emt 0:00:05]} 58. Kf3 {[%emt 0:00:19]} Rf7+ {[%emt 0:02:20]} 59. Ke3 {[%emt 0:00:06]} Rh7 {[%emt 0:00:12]} 60. b4 {[%emt 0:00:14]} Rh4 {[%emt 0:02:33]} 61. Kf3 {[%emt 0:00:37]} Rf4+ {[%emt 0:00:46]} 62. Ke3 {[%emt 0:00:18]} Ke7 {[%emt 0:00:30]} 63. Rd2 {[%emt 0:00:11]} Rh4 {[%emt 0:00:48]} 64. Rd1 {[%emt 0:01:23]} Rh3+ {[%emt 0:00:58]} 65. Kf2 {[%emt 0:00:50]} Kf6 {[%emt 0:04:13]} 66. Bc7 {[%emt 0:00:15]} Ke7 {[%emt 0:00:27]} 67. Ba5 {[%emt 0:00:07]} Rc3 {[%emt 0:00:24]} 68. Ke2 {[%emt 0:00:40]} Rc4 {[%emt 0:00:23]} 69. Ke3 {[%emt 0:00:17]} Ba8 {[%emt 0:00:48]} 70. Rd2 {[%emt 0:00:17]} Rh4 {[%emt 0:01:01]} 71. Rd1 {[%emt 0:00:12]} Bb7 {[%emt 0:01:02]} 72. Rd2 {[%emt 0:00:07]} Rf4 {[%emt 0:00:40]} 73. Rd1 {[%emt 0:00:41]} Bc8 {[%emt 0:02:05]} 74. Rc1 {[%emt 0:02:04]} Bd7 {[%emt 0:00:10]} 75. Rc2 {[%emt 0:00:37]} Rh4 {[%emt 0:01:01]} 76. Rc1 Rd4 {[%emt 0:01:15]} 77. Rc2 {[%emt 0:02:12]} Rxd5 {[%emt 0:00:39]} 78. Rd2 {[%emt 0:00:12]} Rxd2 {[%emt 0:00:42]} 79. Kxd2 {[%emt 0:00:02]} d5 {[%emt 0:00:14]} 80. Bc7 {[%emt 0:00:32]} Ke6 {[%emt 0:00:06]} 81. Bb6 {[%emt 0:00:26]} d4 {[%emt 0:00:12]} 82. Bc5 {[%emt 0:00:17]} Kd5 {[%emt 0:00:07]} 83. Bf8 {[%emt 0:00:05]} e4 {[%emt 0:00:36]} 84. Bh6 {[%emt 0:00:13]} e3+ {[%emt 0:00:11]} 85. Ke2 {[%emt 0:00:04]} Ke4 {[%emt 0:00:05]} 86. Bg7 {[%emt 0:00:06]} Bg4+ {[%emt 0:00:14]} 87. Ke1 {[%emt 0:00:03]} d3 {[%emt 0:00:05]} 88. Bc3 {[%emt 0:00:04]} d2+ {[%emt 0:00:04]} 0-1

[Event "EYCC Girls-U18 2019"]
[Site "Bratislava"]
[Date "2019.08.05"]
[Round "4.9"]
[White "Sankova, Stella"]
[Black "Sargsyan, Anna M."]
[Result "0-1"]
[WhiteElo "1997"]
[BlackElo "2229"]
[Annotator "NA"]
[PlyCount "64"]
[EventDate "2019.08.02"]
[EventType "swiss"]
[EventCountry "SVK"]
[SourceTitle "playchess.com"]
[Source "ChessBase"]
[SourceQuality "1"]
[TimeControl "40/5400+30:1800+30"]

1. e4 {[%emt 0:00:00]} c6 {[%emt 0:00:00]} 2. d4 {[%emt 0:00:14]} d5 {[%emt 0:00:00]} 3. e5 {[%emt 0:00:39]} Bf5 {[%emt 0:00:11]} 4. h4 {[%emt 0:00:59]} h5 {[%emt 0:00:19]} 5. c4 {[%emt 0:00:59]} e6 {[%emt 0:00:06]} 6. Nc3 {[%emt 0:01:14]} Nd7 {[%emt 0:00:50]} 7. cxd5 {[%emt 0:02:03]} cxd5 {[%emt 0:02:08]} 8. Bd3 {[%emt 0:02:08]} Bxd3 {[%emt 0:01:46]} 9. Qxd3 {[%emt 0:00:03]} Ne7 {[%emt 0:00:07]} 10. Bg5 {[%emt 0:03:00]} Qb6 {[%emt 0:00:26]} 11. Nf3 {[%emt 0:02:29]} Nc6 {[%emt 0:03:12]} 12. O-O {[%emt 0:03:49]} Be7 {[%emt 0:04:42]} 13. Bxe7 {[%emt 0:15:02]} Nxe7 {[%emt 0:00:21]} 14. b4 {[%emt 0:01:35]} O-O {[%emt 0:03:36]} 15. Rfc1 {[%emt 0:06:37]} Rac8 {[%emt 0:03:41]} 16. a3 {[%emt 0:01:31]} Rc4 {[%emt 0:04:10]} 17. Na4 {[%emt 0:07:58]} Qc6 {[%emt 0:00:26]} 18. Nc5 {[%emt 0:00:18]} b6 {[%emt 0:01:00]} 19. Nb3 {[%emt 0:01:33]} Nf5 {[%emt 0:13:32]} 20. Nfd2 {[%emt 0:13:43]} b5 {[%emt 0:04:00]} 21. Nxc4 {[%emt 0:04:44]} dxc4 {[%emt 0:00:06]} 22. Na5 {[%emt 0:05:57]} Qd5 {[%emt 0:01:06]} 23. Nxc4 {[%emt 0:01:17]} bxc4 {[%emt 0:00:07]} 24. Qxc4 {[%emt 0:00:05]} Qe4 {[%emt 0:03:55]} 25. d5 {[%emt 0:04:49]} Nd4 {[%emt 0:02:06]} 26. dxe6 {[%emt 0:04:29]} Nxe5 {[%emt 0:00:07]} 27. exf7+ {[%emt 0:00:58]} Rxf7 {[%emt 0:00:09]} 28. Qc8+ {[%emt 0:01:24]} Rf8 {[%emt 0:00:27]} 29. Qh3 {[%emt 0:01:01]} Ne2+ {[%emt 0:04:18]} 30. Kf1 {[%emt 0:01:28]} Nxc1 {[%emt 0:00:32]} 31. Qe6+ {[%emt 0:00:31]} Kh8 {[%emt 0:00:19]} 32. Rxc1 {[%emt 0:00:11]} Rxf2+ {[%emt 0:00:07]} 0-1

[Event "EYCC Girls-U18 2019"]
[Site "Bratislava"]
[Date "2019.08.05"]
[Round "4.10"]
[White "Duson, Robin"]
[Black "Ziegenfuss, Antonia"]
[Result "0-1"]
[WhiteElo "1936"]
[BlackElo "2063"]
[Annotator "NA"]
[PlyCount "28"]
[EventDate "2019.08.02"]
[EventType "swiss"]
[EventCountry "SVK"]
[SourceTitle "playchess.com"]
[Source "ChessBase"]
[SourceQuality "1"]
[TimeControl "40/5400+30:1800+30"]

1. d4 {[%emt 0:00:00]} Nf6 {[%emt 0:00:00]} 2. c4 {[%emt 0:00:00]} e6 {[%emt 0:00:00]} 3. Nc3 {[%emt 0:00:01]} d5 {[%emt 0:00:00]} 4. cxd5 {[%emt 0:00:45]} exd5 {[%emt 0:00:00]} 5. Bg5 {[%emt 0:00:10]} c6 {[%emt 0:00:00]} 6. e3 {[%emt 0:00:39]} h6 {[%emt 0:00:06]} 7. Bh4 {[%emt 0:00:58]} Be6 {[%emt 0:00:10]} 8. Bd3 {[%emt 0:01:47]} Nbd7 {[%emt 0:00:08]} 9. f4 {[%emt 0:06:48]} g5 {[%emt 0:00:07]} 10. fxg5 {[%emt 0:05:17]} Ne4 {[%emt 0:00:08]} 11. Bxe4 {[%emt 0:06:28]} dxe4 {[%emt 0:00:07]} 12. Qh5 {[%emt 0:07:14]} Qa5 {[%emt 0:06:00]} 13. Nge2 {[%emt 0:08:55]} Nf6 {[%emt 0:02:10]} 14. b4 {[%emt 0:11:44]} Bxb4 {[%emt 0:00:23]} 0-1

[Event "EYCC Girls-U18 2019"]
[Site "Bratislava"]
[Date "2019.08.05"]
[Round "4.11"]
[White "Maksimovic, Masa"]
[Black "Grigoryan, Arpine"]
[Result "0-1"]
[WhiteElo "2102"]
[BlackElo "1996"]
[Annotator "NA"]
[PlyCount "72"]
[EventDate "2019.08.02"]
[EventType "swiss"]
[EventCountry "SVK"]
[SourceTitle "playchess.com"]
[Source "ChessBase"]
[SourceQuality "1"]
[TimeControl "40/5400+30:1800+30"]

1. d4 {[%emt 0:00:00]} Nf6 {[%emt 0:00:37]} 2. c4 {[%emt 0:00:00]} e6 {[%emt 0:00:12]} 3. Nc3 {[%emt 0:00:00]} d5 {[%emt 0:02:29]} 4. cxd5 {[%emt 0:00:09]} exd5 {[%emt 0:00:07]} 5. Bg5 {[%emt 0:00:08]} Be7 {[%emt 0:01:33]} 6. e3 {[%emt 0:00:14]} c6 {[%emt 0:00:52]} 7. Bd3 {[%emt 0:00:13]} O-O {[%emt 0:00:25]} 8. Qc2 {[%emt 0:00:06]} Nbd7 {[%emt 0:00:07]} 9. Nf3 {[%emt 0:00:06]} Re8 {[%emt 0:03:31]} 10. O-O {[%emt 0:00:18]} Nf8 {[%emt 0:04:33]} 11. h3 {[%emt 0:00:37]} Ne4 {[%emt 0:05:23]} 12. Bxe7 {[%emt 0:02:57]} Qxe7 {[%emt 0:00:11]} 13. Bxe4 {[%emt 0:00:35]} dxe4 {[%emt 0:00:05]} 14. Nd2 {[%emt 0:00:05]} f5 {[%emt 0:01:30]} 15. Rab1 {[%emt 0:08:24]} Be6 {[%emt 0:08:03]} 16. b4 {[%emt 0:00:45]} b5 {[%emt 0:00:47]} 17. a4 {[%emt 0:05:21]} a6 {[%emt 0:00:16]} 18. Ne2 {[%emt 0:03:00]} Bd5 {[%emt 0:02:11]} 19. Nf4 {[%emt 0:01:20]} Ne6 {[%emt 0:01:03]} 20. Nxe6 {[%emt 0:01:55]} Qxe6 {[%emt 0:04:16]} 21. Rfc1 {[%emt 0:14:35]} f4 {[%emt 0:10:05]} 22. exf4 {[%emt 0:00:45]} e3 {[%emt 0:00:07]} 23. Nf1 {[%emt 0:05:40]} Be4 {[%emt 0:00:22]} 24. Qb2 {[%emt 0:01:22]} Bxb1 {[%emt 0:03:43]} 25. Rxb1 {[%emt 0:00:06]} exf2+ {[%emt 0:00:17]} 26. Qxf2 {[%emt 0:00:12]} bxa4 {[%emt 0:01:43]} 27. Qc2 {[%emt 0:02:25]} Qd5 {[%emt 0:01:50]} 28. Qc5 {[%emt 0:00:29]} Qxc5 {[%emt 0:04:55]} 29. bxc5 {[%emt 0:00:13]} Rab8 {[%emt 0:00:08]} 30. Rc1 {[%emt 0:01:14]} a3 {[%emt 0:00:33]} 31. Ra1 {[%emt 0:00:15]} Rb3 {[%emt 0:00:59]} 32. Nd2 {[%emt 0:00:13]} Rc3 {[%emt 0:00:29]} 33. Kf1 {[%emt 0:00:25]} Rc2 {[%emt 0:02:50]} 34. Nf3 {[%emt 0:00:14]} a2 {[%emt 0:00:07]} 35. Ne5 {[%emt 0:01:04]} Rxe5 {[%emt 0:00:37]} 36. fxe5 {[%emt 0:00:13]} Rb2 {[%emt 0:00:02]} 0-1

[Event "EYCC Girls-U18 2019"]
[Site "Bratislava"]
[Date "2019.08.05"]
[Round "4.12"]
[White "Verbin, Valentina"]
[Black "Grigorieva, Yulia"]
[Result "1/2-1/2"]
[WhiteElo "1958"]
[BlackElo "2096"]
[Annotator "NA"]
[PlyCount "72"]
[EventDate "2019.08.02"]
[EventType "swiss"]
[EventCountry "SVK"]
[SourceTitle "playchess.com"]
[Source "ChessBase"]
[SourceQuality "1"]
[TimeControl "40/5400+30:1800+30"]

1. e4 {[%emt 0:00:00]} c6 {[%emt 0:00:00]} 2. d4 {[%emt 0:00:20]} d5 {[%emt 0:00:00]} 3. e5 {[%emt 0:00:24]} Bf5 {[%emt 0:00:04]} 4. Nf3 {[%emt 0:00:04]} e6 {[%emt 0:00:26]} 5. Be2 {[%emt 0:00:05]} c5 {[%emt 0:00:19]} 6. c3 {[%emt 0:03:46]} Qb6 {[%emt 0:07:41]} 7. O-O {[%emt 0:03:27]} Nc6 {[%emt 0:02:00]} 8. dxc5 {[%emt 0:01:48]} Bxc5 {[%emt 0:03:05]} 9. b4 {[%emt 0:00:10]} Be7 {[%emt 0:02:02]} 10. Be3 {[%emt 0:02:51]} Qc7 {[%emt 0:01:27]} 11. Nd4 {[%emt 0:00:18]} Bxb1 {[%emt 0:10:04]} 12. Nxc6 {[%emt 0:05:05]} Qxc6 {[%emt 0:12:46]} 13. Rxb1 {[%emt 0:00:54]} Qc7 {[%emt 0:02:34]} 14. Bb5+ {[%emt 0:09:39]} Kf8 {[%emt 0:00:11]} 15. Bd4 {[%emt 0:04:19]} g6 {[%emt 0:05:31]} 16. Qd2 {[%emt 0:04:46]} h5 {[%emt 0:01:34]} 17. Rfc1 {[%emt 0:09:23]} Rd8 {[%emt 0:04:05]} 18. c4 {[%emt 0:14:51]} dxc4 {[%emt 0:02:26]} 19. Bxc4 {[%emt 0:01:48]} Qd7 {[%emt 0:02:38]} 20. Rd1 {[%emt 0:00:06]} Nh6 {[%emt 0:01:38]} 21. Qe2 {[%emt 0:00:32]} Qc7 {[%emt 0:04:37]} 22. Rbc1 {[%emt 0:12:45]} Nf5 {[%emt 0:02:56]} 23. Bb2 {[%emt 0:10:54]} Rxd1+ {[%emt 0:03:49]} 24. Qxd1 {[%emt 0:00:07]} Qb6 {[%emt 0:01:32]} 25. Bd3 {[%emt 0:03:42]} Kg7 {[%emt 0:11:14]} 26. Bxf5 {[%emt 0:00:22]} gxf5 {[%emt 0:00:23]} 27. Bd4 {[%emt 0:10:05]} Qxb4 {[%emt 0:03:15]} 28. Rb1 {[%emt 0:00:04]} Qc4 {[%emt 0:01:14]} 29. Bxa7 {[%emt 0:01:11]} Rd8 {[%emt 0:01:35]} 30. Qb3 {[%emt 0:00:24]} Qe4 {[%emt 0:08:11]} 31. Qg3+ {[%emt 0:00:39]} Kh7 {[%emt 0:00:34]} 32. Rf1 {[%emt 0:00:24]} Ra8 {[%emt 0:02:31]} 33. Be3 {[%emt 0:00:27]} Rxa2 {[%emt 0:01:00]} 34. Bg5 {[%emt 0:00:20]} Bxg5 {[%emt 0:01:03]} 35. Qxg5 {[%emt 0:00:04]} Qg4 {[%emt 0:01:48]} 36. Qe7 {[%emt 0:00:06]} Qg6 {[%emt 0:01:05]} 1/2-1/2

[Event "EYCC Girls-U18 2019"]
[Site "Bratislava"]
[Date "2019.08.05"]
[Round "4.13"]
[White "Ciocan, Maria-Alexandra"]
[Black "Kostecka, Marika"]
[Result "1/2-1/2"]
[WhiteElo "2062"]
[BlackElo "1924"]
[Annotator "NA"]
[PlyCount "122"]
[EventDate "2019.08.02"]
[EventType "swiss"]
[EventCountry "SVK"]
[SourceTitle "playchess.com"]
[Source "ChessBase"]
[SourceQuality "1"]
[TimeControl "40/5400+30:1800+30"]

1. e4 {[%emt 0:00:00]} c5 {[%emt 0:00:00]} 2. Nf3 {[%emt 0:00:00]} d6 {[%emt 0:00:00]} 3. c3 {[%emt 0:00:00]} Nf6 {[%emt 0:00:00]} 4. Bd3 {[%emt 0:00:01]} Nc6 {[%emt 0:01:02]} 5. Bc2 {[%emt 0:00:10]} Bg4 {[%emt 0:00:06]} 6. h3 {[%emt 0:00:09]} Bh5 {[%emt 0:02:27]} 7. d3 {[%emt 0:00:14]} e5 {[%emt 0:02:50]} 8. Nbd2 Be7 {[%emt 0:00:29]} 9. Nf1 {[%emt 0:00:57]} Nd7 {[%emt 0:05:59]} 10. Ng3 {[%emt 0:06:25]} Bg6 {[%emt 0:00:16]} 11. a3 {[%emt 0:03:06]} a5 {[%emt 0:05:16]} 12. a4 {[%emt 0:05:30]} O-O {[%emt 0:02:38]} 13. h4 {[%emt 0:05:36]} h6 {[%emt 0:05:14]} 14. h5 {[%emt 0:03:38]} Bh7 {[%emt 0:00:13]} 15. Bb3 {[%emt 0:00:11]} Kh8 {[%emt 0:01:29]} 16. O-O {[%emt 0:09:28]} Nf6 {[%emt 0:06:47]} 17. Nd2 {[%emt 0:02:07]} d5 {[%emt 0:06:37]} 18. Qf3 {[%emt 0:05:31]} d4 {[%emt 0:07:24]} 19. Nc4 {[%emt 0:02:58]} Ne8 {[%emt 0:19:36]} 20. Qe2 {[%emt 0:13:08]} Nd6 {[%emt 0:02:48]} 21. f4 {[%emt 0:07:37]} Nxc4 {[%emt 0:05:19]} 22. Bxc4 {[%emt 0:00:08]} dxc3 {[%emt 0:02:40]} 23. bxc3 {[%emt 0:00:55]} exf4 {[%emt 0:00:25]} 24. Bxf4 {[%emt 0:01:37]} Bg5 {[%emt 0:00:05]} 25. Bd5 {[%emt 0:03:01]} Bxf4 {[%emt 0:02:03]} 26. Rxf4 {[%emt 0:02:22]} f6 {[%emt 0:06:20]} 27. Qe3 {[%emt 0:03:19]} Qd6 {[%emt 0:01:16]} 28. Rb1 {[%emt 0:00:38]} Rab8 {[%emt 0:01:45]} 29. Rff1 {[%emt 0:09:08]} Qe5 {[%emt 0:06:52]} 30. Qf4 {[%emt 0:06:20]} Qxf4 {[%emt 0:02:03]} 31. Rxf4 {[%emt 0:00:04]} Ne5 {[%emt 0:00:39]} 32. d4 {[%emt 0:01:31]} cxd4 {[%emt 0:00:03]} 33. cxd4 {[%emt 0:00:05]} Nd3 {[%emt 0:00:03]} 34. Rf3 {[%emt 0:01:26]} Nb4 {[%emt 0:00:01]} 35. Be6 {[%emt 0:01:27]} Rfd8 {[%emt 0:02:26]} 36. Rd1 Rd6 {[%emt 0:02:09]} 37. d5 {[%emt 0:01:48]} Re8 {[%emt 0:01:13]} 38. Rc1 {[%emt 0:02:37]} b6 {[%emt 0:01:27]} 39. Rfc3 {[%emt 0:01:42]} Rdd8 {[%emt 0:00:06]} 40. Rc8 {[%emt 0:00:00]} Rxc8 {[%emt 0:00:00]} 41. Rxc8 {[%emt 0:05:01]} Rxc8 {[%emt 0:01:02]} 42. Bxc8 {[%emt 0:00:05]} Kg8 {[%emt 0:00:07]} 43. Bf5 {[%emt 0:16:49]} Nd3 {[%emt 0:13:28]} 44. d6 {[%emt 0:06:45]} Bxf5 {[%emt 0:00:11]} 45. Nxf5 {[%emt 0:00:04]} Nc5 {[%emt 0:00:08]} 46. Ne7+ {[%emt 0:05:39]} Kf7 {[%emt 0:00:27]} 47. Nd5 {[%emt 0:00:07]} b5 {[%emt 0:07:21]} 48. axb5 {[%emt 0:00:26]} a4 {[%emt 0:00:08]} 49. Nc3 {[%emt 0:03:39]} a3 {[%emt 0:02:02]} 50. Kf1 {[%emt 0:00:48]} Ke6 {[%emt 0:00:25]} 51. b6 {[%emt 0:00:11]} Kxd6 {[%emt 0:01:57]} 52. Nb5+ {[%emt 0:00:19]} Kc6 {[%emt 0:00:06]} 53. Nxa3 {[%emt 0:00:04]} Nxe4 {[%emt 0:01:03]} 54. g4 {[%emt 0:00:58]} Kxb6 {[%emt 0:00:22]} 55. Nc4+ {[%emt 0:00:09]} Kc5 {[%emt 0:00:33]} 56. Ne3 {[%emt 0:00:08]} Nd6 {[%emt 0:00:11]} 57. Kf2 {[%emt 0:00:33]} Kd4 {[%emt 0:00:32]} 58. Kf3 {[%emt 0:00:16]} Ke5 {[%emt 0:00:35]} 59. Ng2 {[%emt 0:01:22]} f5 {[%emt 0:00:34]} 60. Nh4 {[%emt 0:00:55]} fxg4+ {[%emt 0:02:46]} 61. Kxg4 {[%emt 0:00:06]} Kf6 {[%emt 0:01:06]} 1/2-1/2

[Event "EYCC Girls-U18 2019"]
[Site "Bratislava"]
[Date "2019.08.05"]
[Round "4.14"]
[White "Chrysogelou, Athanasia-Panagiota"]
[Black "Kucharska, Honorata"]
[Result "0-1"]
[WhiteElo "1770"]
[BlackElo "2054"]
[Annotator "NA"]
[PlyCount "92"]
[EventDate "2019.08.02"]
[EventType "swiss"]
[EventCountry "SVK"]
[SourceTitle "playchess.com"]
[Source "ChessBase"]
[SourceQuality "1"]
[TimeControl "40/5400+30:1800+30"]

1. d4 {[%emt 0:00:00]} Nf6 {[%emt 0:00:00]} 2. c4 {[%emt 0:00:00]} g6 {[%emt 0:00:00]} 3. Nc3 {[%emt 0:00:08]} Bg7 {[%emt 0:00:00]} 4. e4 {[%emt 0:00:19]} d6 {[%emt 0:00:02]} 5. f3 {[%emt 0:00:26]} O-O {[%emt 0:01:15]} 6. Nge2 {[%emt 0:00:23]} Nc6 {[%emt 0:00:30]} 7. Be3 {[%emt 0:01:02]} a6 {[%emt 0:00:43]} 8. Qd2 {[%emt 0:01:03]} Na5 {[%emt 0:01:07]} 9. Nc1 {[%emt 0:05:59]} Nd7 {[%emt 0:03:07]} 10. Be2 {[%emt 0:05:52]} c5 {[%emt 0:02:55]} 11. dxc5 {[%emt 0:07:27]} dxc5 {[%emt 0:00:46]} 12. O-O {[%emt 0:02:20]} e6 {[%emt 0:08:30]} 13. Rd1 {[%emt 0:03:46]} Qc7 {[%emt 0:02:14]} 14. Bf1 {[%emt 0:04:39]} Ne5 {[%emt 0:03:58]} 15. Bf4 {[%emt 0:05:16]} b6 {[%emt 0:03:19]} 16. Nb3 {[%emt 0:05:36]} Nxb3 {[%emt 0:09:32]} 17. axb3 {[%emt 0:00:14]} Qb7 {[%emt 0:00:09]} 18. Qd6 {[%emt 0:04:45]} Nc6 {[%emt 0:01:47]} 19. Qc7 {[%emt 0:06:16]} Nd4 {[%emt 0:14:51]} 20. Na4 {[%emt 0:04:33]} Ra7 {[%emt 0:10:23]} 21. Qxb6 {[%emt 0:03:22]} e5 {[%emt 0:04:23]} 22. Bg3 {[%emt 0:02:41]} Qxb6 {[%emt 0:05:03]} 23. Nxb6 {[%emt 0:00:08]} Be6 {[%emt 0:00:45]} 24. Na4 {[%emt 0:06:20]} Rc8 {[%emt 0:02:50]} 25. Ra3 {[%emt 0:03:19]} f6 {[%emt 0:03:13]} 26. Bf2 {[%emt 0:01:45]} Bf8 {[%emt 0:03:15]} 27. Nc3 {[%emt 0:03:26]} Rb8 {[%emt 0:01:15]} 28. Nb5 {[%emt 0:02:46]} Raa8 {[%emt 0:02:46]} 29. Nc7 {[%emt 0:07:16]} Ra7 {[%emt 0:04:34]} 30. Bxd4 {[%emt 0:02:49]} cxd4 {[%emt 0:02:15]} 31. Rxa6 {[%emt 0:04:56]} Rxa6 {[%emt 0:00:39]} 32. Nxa6 {[%emt 0:00:15]} Rxb3 {[%emt 0:00:03]} 33. Nc7 {[%emt 0:00:56]} Bf7 {[%emt 0:01:16]} 34. Rb1 {[%emt 0:01:09]} d3 {[%emt 0:01:56]} 35. Nd5 {[%emt 0:01:29]} Bc5+ {[%emt 0:00:32]} 36. Kh1 {[%emt 0:00:09]} d2 {[%emt 0:01:14]} 37. Nc3 {[%emt 0:03:28]} Bd4 {[%emt 0:02:28]} 38. Nd1 {[%emt 0:00:06]} Kg7 {[%emt 0:01:37]} 39. Be2 {[%emt 0:00:19]} Be8 {[%emt 0:00:47]} 40. g3 {[%emt 0:00:00]} f5 {[%emt 0:00:00]} 41. exf5 {[%emt 0:06:56]} gxf5 {[%emt 0:01:32]} 42. Kg2 {[%emt 0:01:39]} e4 {[%emt 0:02:14]} 43. fxe4 {[%emt 0:02:25]} Bc6 {[%emt 0:01:07]} 44. Kf1 {[%emt 0:04:44]} fxe4 {[%emt 0:01:04]} 45. Kg2 {[%emt 0:03:09]} e3+ {[%emt 0:00:38]} 46. Bf3 {[%emt 0:00:24]} e2 {[%emt 0:00:13]} 0-1

[Event "EYCC Girls-U18 2019"]
[Site "Bratislava"]
[Date "2019.08.05"]
[Round "4.15"]
[White "Olde, Grete"]
[Black "Urh, Zala"]
[Result "1-0"]
[WhiteElo "1955"]
[BlackElo "2072"]
[Annotator "NA"]
[PlyCount "97"]
[EventDate "2019.08.02"]
[EventType "swiss"]
[EventCountry "SVK"]
[SourceTitle "playchess.com"]
[Source "ChessBase"]
[SourceQuality "1"]
[TimeControl "40/5400+30:1800+30"]

1. e4 {[%emt 0:00:00]} e5 {[%emt 0:00:00]} 2. Nf3 {[%emt 0:00:00]} Nc6 {[%emt 0:00:00]} 3. Bb5 {[%emt 0:00:00]} Nf6 {[%emt 0:00:00]} 4. d3 {[%emt 0:00:00]} Bc5 {[%emt 0:00:00]} 5. c3 {[%emt 0:00:00]} O-O {[%emt 0:00:13]} 6. O-O {[%emt 0:00:11]} d6 {[%emt 0:00:19]} 7. Nbd2 {[%emt 0:00:30]} Ne7 {[%emt 0:01:18]} 8. h3 {[%emt 0:01:11]} Ng6 {[%emt 0:02:14]} 9. Re1 {[%emt 0:01:11]} c6 {[%emt 0:04:05]} 10. Ba4 {[%emt 0:03:00]} Bb6 {[%emt 0:00:57]} 11. Nf1 {[%emt 0:02:09]} Nh5 {[%emt 0:13:44]} 12. Bb3 {[%emt 0:09:36]} Nhf4 {[%emt 0:02:29]} 13. Ng3 {[%emt 0:03:34]} Be6 {[%emt 0:06:42]} 14. Bc2 {[%emt 0:06:00]} Re8 {[%emt 0:06:51]} 15. d4 {[%emt 0:06:55]} exd4 {[%emt 0:05:50]} 16. cxd4 {[%emt 0:03:34]} d5 {[%emt 0:01:45]} 17. e5 {[%emt 0:04:40]} f6 {[%emt 0:02:01]} 18. Bxg6 {[%emt 0:07:54]} Nxg6 {[%emt 0:00:12]} 19. Nh5 {[%emt 0:00:11]} fxe5 {[%emt 0:04:51]} 20. Bg5 {[%emt 0:05:00]} Qc7 {[%emt 0:02:50]} 21. Nxe5 {[%emt 0:01:03]} Nxe5 {[%emt 0:02:46]} 22. Rxe5 {[%emt 0:01:18]} Qf7 {[%emt 0:00:43]} 23. Ng3 {[%emt 0:10:15]} h6 {[%emt 0:04:30]} 24. Bc1 {[%emt 0:03:01]} Rf8 {[%emt 0:04:00]} 25. Re2 {[%emt 0:02:05]} Rae8 {[%emt 0:00:39]} 26. a4 {[%emt 0:04:29]} h5 {[%emt 0:04:29]} 27. Ra3 {[%emt 0:03:43]} h4 {[%emt 0:04:02]} 28. Nf1 {[%emt 0:00:59]} Bd7 {[%emt 0:06:59]} 29. Rf3 {[%emt 0:04:05]} Qg6 {[%emt 0:00:17]} 30. Rxe8 {[%emt 0:00:31]} Rxe8 {[%emt 0:00:13]} 31. Be3 {[%emt 0:01:27]} Bf5 {[%emt 0:01:18]} 32. Nd2 {[%emt 0:03:02]} Ba5 {[%emt 0:01:43]} 33. g4 {[%emt 0:03:24]} Bc2 {[%emt 0:02:22]} 34. Qc1 {[%emt 0:02:09]} Bxa4 {[%emt 0:02:49]} 35. Rf5 {[%emt 0:01:16]} Bb5 {[%emt 0:02:19]} 36. Nf3 {[%emt 0:01:19]} Bd8 {[%emt 0:02:41]} 37. Qc2 {[%emt 0:02:38]} Qe6 {[%emt 0:05:43]} 38. Ne5 {[%emt 0:02:01]} g6 {[%emt 0:04:05]} 39. Rf7 {[%emt 0:03:16]} Re7 {[%emt 0:00:51]} 40. Rf3 {[%emt 0:00:00]} Kh7 {[%emt 0:00:00]} 41. Bg5 {[%emt 0:12:53]} Re8 {[%emt 0:08:59]} 42. Bxd8 {[%emt 0:05:06]} Rxd8 {[%emt 0:00:08]} 43. Rf7+ {[%emt 0:02:04]} Kg8 {[%emt 0:00:06]} 44. Rxb7 {[%emt 0:00:06]} Rd6 {[%emt 0:01:10]} 45. Rxa7 {[%emt 0:00:24]} Qf6 {[%emt 0:00:52]} 46. Qd2 {[%emt 0:01:19]} g5 {[%emt 0:01:40]} 47. Qc2 {[%emt 0:00:23]} Qh6 {[%emt 0:00:10]} 48. Qf5 {[%emt 0:03:43]} Rf6 {[%emt 0:00:06]} 49. Ra8+ {[%emt 0:00:13]} 1-0